Statistics for Elements of the Periodic Table in Alphabetical Order- HARD

Click here to take the quiz!

General Stats

  • This quiz has been taken 102 times
  • The average score is 76 of 118

Answer Stats

No.Element% Correct
1Actinium
97%
2Aluminium
94%
8Barium
94%
7Astatine
91%
10Beryllium
91%
5Argon
89%
6Arsenic
89%
11Bismuth
86%
15Cadmium
86%
3Americium
83%
12Bohrium
83%
13Boron
83%
17Calcium
83%
23Cobalt
83%
4Antimony
80%
19Carbon
80%
20Cerium
80%
30Einsteinium
80%
9Berkelium
77%
18Californium
77%
25Copper
77%
26Curium
77%
27Darmstadtium
77%
31Erbium
77%
14Bromine
74%
16Caesium
74%
22Chromium
74%
24Copernicium
74%
29Dysprosium
74%
33Fermium
74%
34Flerovium
74%
38Gallium
74%
39Germanium
74%
21Chlorine
71%
28Dubnium
71%
35Fluorine
71%
41Hafnium
71%
47Iodine
71%
32Europium
69%
43Helium
69%
45Hydrogen
69%
50Krypton
69%
37Gadolinium
66%
40Gold
66%
42Hassium
66%
46Indium
66%
48Iridium
66%
49Iron
66%
51Lanthanum
66%
58Manganese
66%
114Xenon
66%
115Ytterbium
66%
116Yttrium
66%
118Zirconium
66%
59Meitnerium
63%
101Tantalum
63%
111Tungsten
63%
113Vanadium
63%
117Zinc
63%
36Francium
60%
44Holmium
60%
54Lithium
60%
56Lutetium
60%
57Magnesium
60%
65Neon
60%
71Nobelium
60%
109Tin
60%
112Uranium
60%
53Lead
57%
55Livermorium
57%
60Mendelevium
57%
61Mercury
57%
62Molybdenum
57%
67Nickel
57%
68Nihonium
57%
70Nitrogen
57%
73Osmium
57%
74Oxygen
57%
77Platinum
57%
81Praseodymium
57%
86Rhenium
57%
92Samarium
57%
100Sulfur
57%
103Tellurium
57%
107Thorium
57%
52Lawrencium
54%
66Neptunium
54%
69Niobium
54%
75Palladium
54%
84Radium
54%
87Rhodium
54%
91Rutherfordium
54%
106Thallium
54%
108Thulium
54%
110Titanium
54%
63Moscovium
51%
64Neodymium
51%
76Phosphorus
51%
83Protactinium
51%
85Radon
51%
95Selenium
51%
96Silicon
51%
97Silver
51%
99Strontium
51%
102Technetium
51%
78Plutonium
49%
79Polonium
49%
88Roentgenium
49%
93Scandium
49%
94Seaborgium
49%
98Sodium
49%
104Tennessine
49%
105Terbium
49%
72Oganesson
46%
80Potassium
46%
82Promethium
46%
89Rubidium
46%
90Ruthenium
40%

Score Distribution

Percentile by Number Answered

Percent of People with Each Score

Your Score History

You have not taken this quiz